00189 a2200097 4500250001700000245002900017100001600046260000900062300001100071035000900082 a6ème éd. aManuel de diététique aLederer, J. c1990 a109 p. a7453